000 00413nam a2200133 4500
005 20260530115308.0
100 1 _aProspectus
_932311
245 1 0 _aUniversity of Art and Design Helsinki / Information • Aalto University named TODAY
264 1 _bUniversity of Art and Design Helsniki
_c2003
300 _a50 páginas
336 _atexto
_2rdacontent
337 _asin medio
_2rdamedia
338 _avolumen
_2rdacarrier
999 _c13184
_d13184